| 000 | 00352nam a2200109Ia 4500 | ||
|---|---|---|---|
| 005 | 20251222141812.0 | ||
| 008 | 251222s9999||||xx |||||||||||||| ||spa|| | ||
| 082 | _a363.106.285/D44 | ||
| 245 | 0 | _aAnálisis de los Decretos Legislativos Promulgados al Amparo de las Facultades Otorgadas por la Ley N° 29009 | |
| 264 | _bDefensoría del Pueblo | ||
| 942 | _cLIB | ||
| 999 |
_c6522 _d6522 |
||